Applications - Statistiques

Statistiques générales
  • Ce quiz a été pris 443 fois
  • Le résultat moyen est 14 sur 16
Statistiques - réponses
Par images Réponse % Correct
Instagram
100%
Snapchat
99%
Tiktok
99%
Google
97%
Netflix
97%
Youtube
97%
Disney +
96%
BeReal
95%
Pinterest
95%
Spotify
95%
Vinted
94%
WhatsApp
93%
Twitch
86%
CapCut
80%
Pronote
65%
Weverse
9%
Aucun quiz correspondant
Distribution des résultats
% des personnes avec chaque résultat
Percentile par nombre de réponses
Votre historique - résultats
Vous n’avez pas pris ce quiz